000 00886nam a2200229Ia 4500
001 9827
003 GE_BSU
008 181216s||||||||xx |||||||||||||| ||und||
020 _a9789994061488
040 _cGE_BSU
080 _a821.353.1.09
100 _aნიკოლეიშვილი,ავთანდილ
245 _aმეოცე საუკუნის ქართული ლიტერატურის ისტორიის ნარკვევები. წ.7
245 _cრედ:ზოიძე,შოთა
260 _aთბილისი
260 _bუნივერსალი
260 _c2007
300 _a327გვ;20სმ
541 _h15ლ
653 _aმეოცე საუკუნის ქართული ლიტერატურის ისტორიის ნარკვევები
942 _cBK
999 _c43106
_d43106